| 000 | 01287nam0a2200349 4500 | ||
|---|---|---|---|
| 001 | RU\NLR\BIBL_A\022374865 | ||
| 005 | 20260420021045.0 | ||
| 010 | _a978-5-907062-51-1 | ||
| 021 |
_aRU _bКН-П-24-057244 _9КН-П-24-5702 |
||
| 035 | _a(NLR Aleph) 022374865 | ||
| 090 |
_a13669302 _c13669302 |
||
| 100 | _a20241106d2024 u y0rusy50 ca | ||
| 101 | 0 | _arus | |
| 102 | _aRU | ||
| 105 | _aa j 000yy | ||
| 181 | 0 |
_ab4 _bxb2e |
|
| 182 | 0 | _an | |
| 200 | 1 |
_aЭлементарная тактика _fКим А., Фокин С. |
|
| 203 |
_aИзображение _bвизуальное _cнепосредственное |
||
| 205 | _aИзд. 2-е | ||
| 210 |
_aМосква _cИП Дорофеева Анна Геннадьевна _d2024 |
||
| 215 |
_a96 с. _cил., табл. _d21 |
||
| 225 | 1 | _aChess time | |
| 320 | _aДр. книги авторов на 4-й с. обл. | ||
| 606 | 1 |
_aШахматы _jЗадачники _xТактика _91915158 _3RU\NLR\AUTH\661162152 |
|
| 686 | 1 | _aЧ515.811.1я7-4 | |
| 700 | 1 |
_aКим _bА. Э. _gАлексей Эдуардович |
|
| 701 | 1 |
_aФокин _bС. С. _gСтанислав Сергеевич |
|
| 942 | _cBOOK | ||
| 980 | _aNB | ||